000 00352nam a22001457a 4500
003 OSt
005 20220218095450.0
008 220218b |||||||| |||| 00| 0 eng d
020 _a9788131725412
040 _cHU
082 _24th
_a658.8002
100 _aLaudon
_924691
245 _aE-Commerce Business Technology Society 2008
942 _2ddc
_cBOOKS
_n0
999 _c30747
_d30747